Stadtforschung aktuell: SF
| Tipo de documento: | Print Colección / Revista |
|---|---|
| Lenguaje: | Alemán |
| Publicado: |
Wiesbaden
Springer VS
1983-
Wiesbaden VS Verl. für Sozialwissenschaften 2003-2011 Basel [u.a] Stuttgart Birkhäuser -1999 Opladen Leske + Budrich 1999-2003 |
| En: | Año: 1983 |
| Verificar disponibilidad: | HBZ Gateway |
| Volúmenes / Artículos: | Mostrar volumes / artículos. |
| Palabras clave: |
MARC
| LEADER | 00000cas a2200000 c 4500 | ||
|---|---|---|---|
| 001 | 12912723X | ||
| 003 | DE-627 | ||
| 005 | 20260207120702.0 | ||
| 007 | tu | ||
| 008 | 931114c19839999gw z| m| 0 |0ger c | ||
| 015 | |a 07,A39,0139 |2 dnb | ||
| 016 | 7 | |a 010403604 |2 DE-101 | |
| 016 | 7 | |a 45772-3 |2 DE-600 | |
| 035 | |a (DE-627)12912723X | ||
| 035 | |a (DE-576)008832587 | ||
| 035 | |a (DE-599)ZDB45772-3 | ||
| 035 | |a (OCoLC)611944799 | ||
| 040 | |a DE-627 |b ger |c DE-627 |e rakwb | ||
| 041 | |a ger | ||
| 044 | |c XA-DE | ||
| 082 | 0 | 4 | |a 050 |q DE-101 |
| 082 | 0 | 4 | |a 910 |a 690 |q DE-600 |
| 245 | 0 | 0 | |a Stadtforschung aktuell |b SF |
| 246 | 3 | 3 | |a SF |
| 264 | 3 | 1 | |a Wiesbaden |b Springer VS |c 1983- |
| 264 | 2 | 1 | |a Wiesbaden |b VS Verl. für Sozialwissenschaften |c 2003-2011 |
| 264 | 2 | 1 | |a Basel [u.a] |a Stuttgart |b Birkhäuser |c -1999 |
| 264 | 2 | 1 | |a Opladen |b Leske + Budrich |c 1999-2003 |
| 336 | |a Text |b txt |2 rdacontent | ||
| 337 | |a ohne Hilfsmittel zu benutzen |b n |2 rdamedia | ||
| 338 | |a Band |b nc |2 rdacarrier | ||
| 362 | 0 | |a 1.1983 - | |
| 363 | 0 | 1 | |a 1 |i 1983 |
| 655 | 7 | |a Monografische Reihe |0 (DE-588)4179998-7 |0 (DE-627)104628669 |0 (DE-576)209995106 |2 gnd-content | |
| 889 | |w (DE-603)003232514 | ||
| 889 | |w (DE-576)437581578 | ||
| 889 | |w (DE-576)447144588 | ||
| 889 | |w (DE-576)468383980 | ||
| 889 | |w (DE-576)480527342 | ||
| 889 | |w (DE-627)1001273125 | ||
| 889 | |w (DE-627)1876684542 | ||
| 935 | |a SAXB |a mteo | ||
| 935 | |i sdedup20220824 | ||
| 936 | s | n | |a a100 |2 mzub |
| 951 | |a ST | ||
| ELC | |b 1 | ||
| LOK | |0 000 xxxxxcx a22 zn 4500 | ||
| LOK | |0 001 2479776441 | ||
| LOK | |0 003 DE-627 | ||
| LOK | |0 004 12912723X | ||
| LOK | |0 005 20030807000000 | ||
| LOK | |0 008 030807||||||||||||||||ger||||||| | ||
| LOK | |0 040 |a DE-21-110 |c DE-627 |d DE-21-110 | ||
| LOK | |0 852 |a DE-21-110 | ||
| LOK | |0 852 1 |m p |9 00 | ||
| LOK | |0 935 |a k110 | ||
| LOK | |0 938 |k p | ||
| LOK | |0 939 |a 07-08-03 |b l01 | ||
| ORI | |a SA-MARC-krimdoka001.raw | ||
| SPR | |a 1 |t KRI | ||
